Liedtext - Troy - Die Fantastischen Vier - Statistiken

Allgemein
  • Dieses Quiz wurde 135 mal gespielt
  • Das Durchschnittsergebnis liegt bei 435 aus 712
Antwortstatistiken
Textquiz % Korrekt
S
100%
A
99%
D
99%
T
97%
Wir
95%
wir
95%
I
94%
'n
94%
troy
94%
Troy
94%
N
93%
F
91%
Und
88%
und
88%
war
88%
Du
87%
du
87%
bleiben
86%
hat
86%
Zeit
86%
zeit
86%
en
84%
hätt'
84%
hätte
84%
wer
84%
Auch
83%
auch
83%
O
83%
warn
83%
Warn
83%
wärn
83%
dich
82%
Dich
82%
gute
82%
dabei
81%
Zeiten
81%
die
80%
Die
80%
waren
80%
werden
80%
das
76%
Das
76%
mit
76%
to
76%
den
74%
so
74%
begleiten
73%
der
73%
Der
73%
'ne
73%
zu
73%
er
72%
es
72%
I'm
72%
im
72%
'ne
72%
schlechte
72%
an
71%
Ihr
71%
all
70%
hattest
70%
Ich
70%
ich
70%
hatten
67%
Hatten
67%
wen
67%
ne
66%
Wie
65%
dir
64%
ab
63%
nicht
63%
Alles
62%
hab
62%
jetzt
62%
Jetzt
62%
doch
61%
Doch
61%
ein
61%
haben
61%
ham
61%
Was
61%
was
61%
dass
60%
denn
60%
klar
60%
ja
59%
Ja
59%
sind
59%
uns
59%
wenn
59%
mal
58%
Mal
58%
vier
58%
immer
57%
nur
57%
Nur
57%
Roy
57%
warn
57%
bis
56%
wollen
56%
andere
55%
dem
55%
hast
55%
hier
55%
sehen
55%
Band
54%
sag
54%
schon
54%
gibt's
53%
wieder
53%
Aber
52%
aber
52%
dein
52%
mir
52%
diese
50%
Diese
50%
ist
50%
Ist
50%
nach
50%
auf
49%
Jahre
49%
von
48%
Bei
47%
bei
47%
Fan
47%
halt
46%
hält
46%
kein
46%
'nen
46%
nie
46%
in
45%
liebst
45%
Megastress
45%
sagst
45%
um
45%
vor
45%
allein
44%
allem
44%
don't
44%
sorry
44%
understand
44%
wissen
44%
Für
42%
geblieben
42%
letzten
42%
Liebe
42%
zum
42%
alt
40%
brauchst
40%
deinen
40%
gefühlt
40%
verlässt
40%
als
39%
ganz
39%
gehn
39%
jeder
39%
langen
39%
neue
39%
oder
39%
Oder
39%
schwierig
39%
Sex
39%
Show
39%
Siegfried
39%
Smu
39%
Spiel
39%
Versteh'
39%
versteh
39%
wenig
39%
wirklich
39%
jung
38%
wolltet
38%
heute
37%
irgendwas
37%
leichtes
37%
bisschen
36%
eh
36%
grade
36%
nichts
36%
tollen
36%
vergesst's
36%
einfach
35%
Popstar
35%
Spaß
35%
verdient
35%
Welt
35%
Zubehör
35%
andern
34%
durch
34%
Durch
34%
hart
34%
zusammen
34%
keine
33%
Low
33%
schwer
33%
sich
33%
Gras
32%
High
32%
Jungs
32%
spürn
32%
Star
32%
troyer
32%
ahah
31%
besser
31%
geschrieben
31%
Hits
31%
irgendwie
31%
Verlieben
31%
Gings
30%
gings
30%
kostet
30%
Leute
30%
neuen
30%
nochmal
30%
Stadt
30%
unserm
30%
weißt
30%
zugehört
30%
gefehlt
29%
Streit
29%
verführn
29%
berührn
28%
beschissen
28%
fangen
28%
Fantas
28%
find
28%
hör'n
28%
irgendwo
28%
komm'
28%
Land
28%
rostet
28%
spät
28%
teuer
28%
vorne
28%
wahre
28%
wolltest
28%
coolen
27%
frage
27%
sah
27%
vollgetextet
27%
weiter
27%
brauchten
26%
erklärt
26%
keinem
26%
masse
26%
verarscht
26%
Boy
25%
Date
25%
Girl
25%
Hey
25%
hey
25%
Ideen
25%
machen
25%
rauchten
25%
reden
25%
'rumzukriegen
25%
verloren
25%
ziehn
25%
gabs
24%
gelohnt
24%
Knatsch
24%
Tratsch
24%
Yeah
24%
fährt
23%
fühltest
23%
Häuser
23%
hören
23%
kennen
23%
Spitzenteam
23%
verschieden
23%
ähnlich
22%
Begleiter
22%
davon
22%
Ewigkeit
22%
halbe
22%
Klatsch
22%
sehr
22%
Weed
22%
ausgereicht
21%
Beziehung
21%
brauchtest
21%
her
21%
jemand
21%
miesen
21%
Musik
21%
spielt
21%
System
21%
Club
20%
Luxus
20%
Machten
20%
ok
20%
Rennen
20%
richtigen
20%
Scheint
20%
Ton
20%
Yacht
20%
beide
19%
coolsten
19%
drauf
19%
Glaub
19%
Rolle
19%
trafen
19%
vergeht
19%
verschwiegen
19%
wieviel
19%
Alternative
18%
durchgemacht
18%
eher
18%
Ey
18%
fingen
18%
mussten
18%
versteuerbar
18%
vorbei
18%
beweise
17%
CD
17%
lebt
17%
Therapie
17%
tiefer
17%
wussten
17%
Hip
13%
Hop
13%
pah
13%
noch'n
12%
Stash
11%
Kaum
9%
breiter
8%
ließest
7%
Warterei
7%
eloquent
6%
gelehrt
6%
Keine übereinstimmenden Quizze gefunden
Verteilung der Resultate
Anzahl Personen mit jedem Resultat
Perzentil nach korrekt beantworteten Fragen
Ihre Resultats-Entwicklung
Sie haben dieses Quiz noch nicht gespielt